Statistics for Top 10 Most Watched YouTube Videos

Click here to take the quiz!

General Stats

  • This quiz has been taken 324 times
  • The average score is 2 of 10

Answer Stats

HintAnswer% Correct
1Justin Bieber - Baby ft. Ludacris
72%
6Charlie bit my finger - again!
51%
5Eminem - Love the Way You Lie ft. Rihanna
24%
9Justin Bieber - Never Say Never ft. Jaden Smith
21%
4Lady Gaga - Bad Romance
21%
10Justin Bieber - One Time
17%
2Jennifer Lopez - On the Floor ft. Pitbull
12%
3Shakira - Waka Waka (This Time For Africa)
12%
7LMFAO - Party Rock Anthem
10%
8Eminem - Not Afraid
6%

Score Distribution

Percentile by Number Answered

Percent of People with Each Score

Your Score History

You have not taken this quiz